Central Library OPAC University of Rajshahi

A history of China / (Record no. 75719)

MARC details
000 -LEADER
fixed length control field 01428cam a2200421 a 4500
001 - CONTROL NUMBER
control field 75719
003 - CONTROL NUMBER IDENTIFIER
rucl marc code UkOxU
005 - DATE AND TIME OF LATEST TRANSACTION
control field 20211209082731.0
008 - FIXED-LENGTH DATA ELEMENTS--GENERAL INFORMATION
fixed length control field 190528s2006 enkb b 001 0 eng
020 ## - INTERNATIONAL STANDARD BOOK NUMBER
International Standard Book Number 9781403992741
International Standard Book Number 1403992746
International Standard Book Number 9781403992758 (pbk)
International Standard Book Number 1403992754 (pbk.)
035 ## - SYSTEM CONTROL NUMBER
System control number (CStRLIN)DCLC2006042322-B
040 ## - CATALOGING SOURCE
Original cataloging agency DLC
Transcribing agency DLC
Modifying agency DLC
Language of cataloging eng
041 ## - LANGUAGE CODE
Language code of text/sound track or separate title eng
042 ## - AUTHENTICATION CODE
Authentication code pcc
043 ## - GEOGRAPHIC AREA CODE
Geographic area code a-cc---
082 00 - DEWEY DECIMAL CLASSIFICATION NUMBER
Classification number 951
Edition number 22
Author mark and year ROH 2006
100 1# - MAIN ENTRY--PERSONAL NAME
Personal name Roberts, J. A. G.,
Dates associated with a name 1935-
9 (RLIN) 231924
245 12 - TITLE STATEMENT
Title A history of China /
Statement of responsibility, etc. J.A.G. Roberts.
246 3# - VARYING FORM OF TITLE
Title proper/short title China
250 ## - EDITION STATEMENT
Edition statement 2nd ed.
260 ## - PUBLICATION, DISTRIBUTION, ETC. (IMPRINT)
Place of publication, distribution, etc. Basingstoke :
Name of publisher, distributor, etc. Palgrave Macmillan,
Date of publication, distribution, etc. 2006.
300 ## - PHYSICAL DESCRIPTION
Pagination xxvii, 355 p. :
Illustrations maps ;
Size 22 cm.
504 ## - BIBLIOGRAPHY, ETC. NOTE
Bibliography, etc Includes bibliographical references and index.
651 #0 - SUBJECT ADDED ENTRY--GEOGRAPHIC NAME
Geographic name China
General subdivision History.
9 (RLIN) 231925
830 #0 - SERIES ADDED ENTRY--UNIFORM TITLE
Uniform title Palgrave essential histories
856 42 - ELECTRONIC LOCATION AND ACCESS
Materials specified Contributor biographical information
Uniform Resource Identifier <a href="http://www.loc.gov/catdir/enhancements/fy0634/2006042322-b.html">http://www.loc.gov/catdir/enhancements/fy0634/2006042322-b.html</a>
Materials specified Publisher description
Uniform Resource Identifier <a href="http://www.loc.gov/catdir/enhancements/fy0634/2006042322-d.html">http://www.loc.gov/catdir/enhancements/fy0634/2006042322-d.html</a>
Materials specified Table of contents
Uniform Resource Identifier <a href="http://www.loc.gov/catdir/enhancements/fy0634/2006042322-t.html">http://www.loc.gov/catdir/enhancements/fy0634/2006042322-t.html</a>
942 ## - ADDED ENTRY ELEMENTS (KOHA)
Source of classification or shelving scheme Dewey Decimal Classification
Koha item type Books
Holdings
Lost status Source of classification or shelving scheme Damaged status Not for loan Permanent Location Current Location Shelving location Date acquired Source of acquisition Total Checkouts Full call number Date last seen Copy number Koha item type
  Dewey Decimal Classification   Not For Loan Central Library, University of Rajshahi Central Library, University of Rajshahi Reading Room 23/05/2019 Author   951 ROH 2006 28/05/2019 C-1 Books